| 000 | 00469nam a22001817a 4500 | ||
|---|---|---|---|
| 999 |
_c532012 _d532012 |
||
| 003 | NUST | ||
| 005 | 20191106122644.0 | ||
| 008 | 191106b ||||| |||| 00| 0 eng d | ||
| 020 | _a9789331317841 | ||
| 024 | _a978-9331317841 | ||
| 038 | _aMSOHAIL | ||
| 082 | _a0 | ||
| 100 |
_aShagufta _925271 |
||
| 245 | _aHydrology and Water Resources Engineering | ||
| 260 |
_aNew Delhi _bAPH Publishing Corporation _cc2012 |
||
| 300 |
_ap;257, _b23cm _eH.B. |
||
| 942 |
_2ddc _cBK |
||